Normal view MARC view
  • Terrorism

Entry Topical Term

Number of records used in: 1

001 - CONTROL NUMBER

  • control field: 109414

003 - CONTROL NUMBER IDENTIFIER

  • control field: NUST

005 - DATE AND TIME OF LATEST TRANSACTION

  • control field: 20230222094758.0

008 - FIXED-LENGTH DATA ELEMENTS

  • fixed length control field: 230222|| aca||aabn | a|a d

040 ## - CATALOGING SOURCE

  • Original cataloging agency: NUST
  • Transcribing agency: NUST

150 ## - HEADING--TOPICAL TERM

  • Topical term or geographic name entry element: Terrorism
  • General subdivision: Forecasting

670 ## - SOURCE DATA FOUND

  • Source citation: Work cat.: (NUST)184294: Ramonet, Ignacio. 109412, Wars of the 21st century :, c2004.
© 2023 Central Library, National University of Sciences and Technology. All Rights Reserved.